Demográfiai évkönyv

Bibliographic Details
Format: Serial
Language:Hungarian
English
Russian
PhysicalDescription:zv. grafy, mp., tab. 29cm
Published: Budapest A Hivatal 1967-
ISSN:0237-7594
Subjects:

MARC

LEADER 00000cas a2200000 a 4500
001 vtls001221773
003 SK-MaSNL
005 20260228163506.0
008 99 a19c19679999hu ar 0 0b0hun c
022 |a 0237-7594 
035 |a SNK000167028 
040 |a SNK  |b slo  |c SNK  |e AACR2 
041 0 |a hun  |a eng  |a rus 
043 |a e-hu--- 
072 7 |a 314  |x Demografia. Populácia  |2 konspekt 
080 |a 314  |2 2011 
080 |a (439)  |2 2011 
080 |a 050  |2 2011 
080 |a (058)  |2 2011 
245 0 0 |a Demográfiai évkönyv  |c Központi Statisztikai Hivatal 
246 3 |a English supplement of the Demographic yearbook 
246 3 3 |a Demographic yearbook with English supplement 
246 3 3 |a Demographic yearbook 
246 3 |a Magyarorszag népesedése 
260 |a Budapest  |b A Hivatal  |c 1967- 
300 |a zv.  |b grafy, mp., tab.  |c 29cm 
310 |a 1x ročne 
362 0 |a 1967- 
500 |a V r. 2001 -2003 je CD 
500 |a Zv. od 1965 zostavil: Központi Statisztikai Hivatal, Népesedési és Szociálstatisztikai Főosztály ; v l. 1969-1985 by KSH Népesedésstatisztikai Főosztály ; od 1997 Központi Statisztikai Hivatal 
500 |a Zv. od 1989 obsahuje: English supplement of the Demographic yearbook containing explanation of tables 
500 |a Zv. od 2000 obsahuje CD-ROM s údajmi v Exceli 
500 |a Zv. 1997-1998 majú podnázov: Magyarorszag népesedése 
500 |a Zväzky 1998-1999 majú aj anglický názov: Demographic yearbook with English supplement ; od zv. 2000 subežný anglický názov: Demographic yearbook 
500 |a Maďarsky s anglickými a ruskými vysvetlivkami k tabuľkám 
650 0 7 |a obyvateľstvo  |2 SNKPH  |9 4654 
651 7 |a Maďarsko  |2 SNKPH  |9 16754 
655 7 |a ročenky  |2 SNKPH  |9 57146 
910 |a snk 
999 |c 9593  |d 11523 
952 |0 1  |1 0  |4 0  |7 0  |8 2  |a SNK  |b SNK  |d 2007-02-06  |i snkV 15798/2005  |l 0  |o snkČB 3443/2001/príl.  |p 17A0534134  |r 2026-02-21 20:19:38  |w 2026-02-21  |y PREZ 
952 |0 1  |1 0  |4 0  |7 0  |8 2  |a SNK  |b SNK  |d 2007-02-06  |i snkV 15799/2005  |l 0  |o snkČB 3443/2002/príl.  |p 17A0534135  |r 2026-02-21 20:19:38  |w 2026-02-21  |y PREZ 
952 |0 1  |1 0  |4 0  |7 0  |8 2  |a SNK  |b SNK  |d 2007-02-06  |i snkV 15800/2005  |l 0  |o snkČB 3443/2003/príl.  |p 17A0534139  |r 2026-02-21 20:19:38  |w 2026-02-21  |y PREZ 
952 |0 1  |1 0  |4 0  |7 0  |8 2  |a SNK  |b SNK  |d 1996-09-16  |i snkV 1673/96  |l 0  |o snkČB 3443/1994  |p 17A0010266  |r 2005-01-01 00:00:00  |w 2026-02-21  |y PREZ 
952 |0 1  |1 0  |4 0  |7 0  |8 2  |a SNK  |b SNK  |d 1999-06-30  |i snkV 818/99  |l 0  |o snkČB 3443/1995  |p 17A0198505  |r 2005-01-01 00:00:00  |w 2026-02-21  |y PREZ 
952 |0 1  |1 0  |4 0  |7 0  |8 2  |a SNK  |b SNK  |d 1999-06-30  |i snkV 819/99  |l 0  |o snkČB 3443/1996  |p 17A0198514  |r 2005-01-01 00:00:00  |w 2026-02-21  |y PREZ 
952 |0 1  |1 0  |4 0  |7 0  |8 2  |a SNK  |b SNK  |d 2000-12-06  |i snkV 2002/2000  |l 0  |o snkČB 3443/1997  |p 17A0260224  |r 2005-01-01 00:00:00  |w 2026-02-21  |y PREZ 
952 |0 1  |1 0  |4 0  |7 0  |8 2  |a SNK  |b SNK  |d 2000-12-06  |i snkV 2003/2000  |l 0  |o snkČB 3443/1998  |p 17A0260223  |r 2005-01-01 00:00:00  |w 2026-02-21  |y PREZ 
952 |0 1  |1 0  |4 0  |7 0  |8 2  |a SNK  |b SNK  |d 2005-09-22  |g 25.89  |i snk2005/15798  |l 0  |o snkČB 3443/2001  |p 17A0477463  |r 2026-02-21 21:31:42  |w 2026-02-21  |y PREZ 
952 |0 1  |1 0  |4 0  |7 0  |8 2  |a SNK  |b SNK  |d 2005-09-22  |g 25.89  |i snk2005/15799  |l 0  |o snkČB 3443/2002  |p 17A0477464  |r 2026-02-21 21:40:27  |w 2026-02-21  |y PREZ 
952 |0 1  |1 0  |4 0  |7 0  |8 2  |a SNK  |b SNK  |d 2005-09-22  |g 29.64  |i snk2005/15800  |l 0  |o snkČB 3443/2003  |p 17A0477465  |r 2026-02-21 21:40:29  |w 2026-02-21  |y PREZ